000 00993nam a22002417a 4500
005 20170502163003.0
010 _a1617EN ENG-116936
020 _c795.00
_a9780198079446
035 _aB-651652-661
035 _aB-666232
035 _aEN-100468
037 _bPragati
_adpl
082 _a658.8
100 _aBaines, Paul
245 _aMarketing /
_c by Baines, Paul, Chris Fill [and] Kelly Page adeapted by Piyush K.Sinha
260 _aNew Delhi
_bOxford University Press
_c2016
270 _aYMCA Library Building, 1, Jai Singh Road,
_bNew Delhi
_e110001
300 _a697p. :
_c27cm(pbk)
_bcol., illus.
500 _aIncludes index
942 _2ddc
_cEN
_h658.8
_mBAI
999 _c101827
_d101827